000 00678cam a2200241 4500
008 090401t1989 xxu||||| |||| 00| 0 eng d
020 _a0851253997
035 _a(Sirsi) u22798
041 _aeng
050 _a690
110 _aBuilding Research Establishment
245 4 _aThe assessment of wind loads. Part 3: wind climate in the United Kingdom
260 _aGarston, Watford
_bBuilding Research Establishment
_c1989
300 _a4p. : ill. ; 30cm.
350 _a0
490 _aBRE Digest
_v346
490 _aPart
_v3
650 _aBS 6399-2
650 _aWIND LOADING
690 _aBUILT ENVIRONMENT-CONSTRUCTION DESIGN
942 _n0
948 _c04/03/1997
999 _c88253
_d88253